000 00945nji a22002657a 4500
005 2010083001551.0
006 a|||||r|||||00| 0
007 sd ammalaaahaa
008 100830t xxu||||| |||| 00| 0 eng d
028 _aN 35312
_bHis Master's Voice
028 _aOMG 9632
035 _aGR-00014
040 _aSED
_cSED
100 _917455
245 _aBapuki amar kahani /
_csing by Mohmad Rafi ; music by Husnalal [and] Bhagaratam
_h[sound recording] :
260 _aDum Dum, India
_bHis Master's Voice
300 _a1 sound disc [Gramophone Recording]:
_banalog, 33 1/3 rpm
_c9.5 in. (MP)
_fGramophone Record
500 _aBrief Record
505 _aBapuki amar kahani (Mohd. Rafi)
650 _aClassical music
_zIndia
_91186
_xExcerpts
700 _aHusnalal
_917416
700 _aBhagatram
_917456
942 _2ddc
_cGR
999 _c43106
_d43106